A character of a true Christian. /

Bibliographic Details
Main Author: Coppe, Abiezer, 1619-1672
Format: eBook
Language:English
Published: London, : Printed by T.D: sold by La. Curtiss., 1680..
Series:Early English books online.
Subjects:
Online Access:Connect to the full text of this electronic book

MARC

Tag First Indicator Second Indicator Subfields
LEADER 00000nam a2200000 4500
001 in00004195708
005 20200806083155.0
006 m g d
007 cr bn |||a|bb|
008 860313s1680 enk o 00 eng d
035 |a (UnM)99889854 
037 |a CL2105000001  |b ProQuest Information and Learning. 300 N. Zeeb Rd., Ann Arbor, MI 48106 
040 |a Cu-RivES  |c Cu-RivES  |d CStRLIN  |d Cu-RivES  |e dcrb 
100 1 |a Coppe, Abiezer,  |d 1619-1672. 
245 1 2 |a A character of a true Christian. /  |c Written by Abiezar Copp. The tune is, The fair nimphs.. 
260 |a London, :  |b Printed by T.D: sold by La. Curtiss.,  |c 1680.. 
300 |a 1 online resource (1 sheet ([1] pages). 
336 |a text  |b txt  |2 rdacontent 
337 |a computer  |b c  |2 rdamedia 
338 |a online resource  |b cr  |2 rdacarrier 
500 |a Verse: "A Christian true doth love ..." 
500 |a Reproduction of original in the British Library. 
510 4 |a Wing (CD-ROM, 1996)  |c C1996 
510 4 |a Early English books tract supplement interim guide  |c C.20.f.4[35] 
533 |a Electronic reproduction.  |b Ann Arbor, Mich. :  |c UMI,  |d 1999-  |f (Early English books online)  |n Digital version of: (Early English books; Tract supplement ; A4:2[35])  |7 s1999 miun s 
650 0 |a Ballads, English  |y 17th century. 
650 0 |a Christian life  |v Poetry  |v Early works to 1800. 
730 0 |a Fair nimphs. 
830 0 |a Early English books online. 
856 4 0 |u http://proxy.library.tamu.edu/login?url=https://search.proquest.com/docview/2240903798  |z Connect to the full text of this electronic book  |t 0 
999 f f |s 4266bddd-99fc-3c28-b5f3-8644ba8f3655  |i 0265a979-2f66-3ec2-b156-fdf6d8bfcd9f  |t 0 
952 f f |a Texas A&M University  |b College Station  |c Electronic Resources  |d Available Online  |t 0  |h No information provided 
998 f f |t 0  |l Available Online